000 00739nam a22002297a 4500
005 20130527144257.0
010 _aENG-107171
020 _a9788120777163
_c195.00
035 _aEN-90704
035 _aB-496999-7017
037 _bDBAD/PUB
037 _bUBH/Ven
_adpl
082 _a364.13230954
100 _aBedi, Kiran
245 _aBe the change fighting corruption /
_cby Kiran Bedi
260 _aNew Delhi
_bSterling Paperbacks
_c2012
270 _aA-59, Okhla Indl.Area, Phase-II
_bNew Delhi
_e110020
300 _aviii, 136p.
_c22cm(pbk)
500 _aIncludes index
942 _2ddc
_cEN
_mBED
_h364.13230954
999 _c74731
_d74731